BMC Public Health
Gespeichert in:
| Format: | Schriftenreihe |
|---|---|
| Sprache: | Englisch |
| Veröffentlicht: |
Basingstoke
Springer Nature
|
| Tags: |
Keine Tags, Fügen Sie das erste Tag hinzu!
|
MARC
| LEADER | 00000nas1a2200000 4500 | ||
|---|---|---|---|
| 001 | 0269917 | ||
| 005 | 20250701092104.2 | ||
| 022 | |a 1471-2458 | ||
| 041 | 0 | |a eng | |
| 044 | |a GB | ||
| 245 | 1 | 0 | |a BMC Public Health |
| 264 | 1 | |a Basingstoke |b Springer Nature | |